La senda de Damasco / (Record no. 130417)

MARC details
000 -LEADER
campo de control de longitud fija 00491nam a2200169 i 4500
001 - NÚMERO DE CONTROL
campo de control 130417
003 - IDENTIFICADOR DE NÚMERO DE CONTROL
campo de control ES-MaACL
005 - FECHA Y HORA DE LA ÚLTIMA TRANSACCIÓN
campo de control 20230906193733.0
007 - CAMPO FIJO DE DESCRIPCIÓN FÍSICA--INFORMACIÓN GENERAL
campo de control de longitud fija t|
008 - DATOS DE LONGITUD FIJA--INFORMACIÓN GENERAL
campo de control de longitud fija 070727s1918 cr ||||1| spa d
100 1# - ENTRADA PRINCIPAL--NOMBRE DE PERSONA
Nombre de persona Sotela, Rogelio.
9 (RLIN) 107457
245 13 - MENCIÓN DEL TÍTULO
Título La senda de Damasco /
Mención de responsabilidad, etc. Rogelio Sotela.
260 ## - PUBLICACIÓN, DISTRIBUCIÓN, ETC.
Lugar de publicación, distribución, etc. San José de Costa Rica :
Nombre del editor, distribuidor, etc. Imprenta y Librería Alsina,
Fecha de publicación, distribución, etc. 1918.
300 ## - DESCRIPCIÓN FÍSICA
Extensión 126 p., 1 h. de lám. ;
Dimensiones 17 cm.
500 ## - NOTA GENERAL
Nota general Retrato del autor.
852 ## - LOCALIZACIÓN
Ubicación ES-MaACL
Número de control de estantería 1550-F-8
Holdings
Estatus retirado Estado de pérdida Estado de daño No para préstamo Colección Biblioteca de origen Biblioteca actual Ubicación en estantería Fecha de adquisición Fuente de adquisición Total de préstamos Signatura topográfica completa Código de barras Visto por última vez Precio de reemplazo Tipo de ítem Koha
        Colección de folletos Biblioteca del Ateneo de Madrid Biblioteca del Ateneo de Madrid Depósito folletos 17/01/2008     1550-F-8 1135792 23/02/2023 23/02/2023 Folleto